[Event "VL 2017/18"]
[Site "Mecklenburg-Vorpommern"]
[Date "2017.11.12"]
[Round "2.3"]
[White "Roehl, Rainer"]
[Black "Schumacher, Dirk"]
[Result "1/2-1/2"]
[WhiteElo "2056"]
[BlackElo "1960"]
[PlyCount "20"]
[EventDate "2017.??.??"]
[EventType "team-tourn"]
[EventRounds "9"]
[SourceDate "2017.10.08"]
[WhiteTeam "SF Schwerin II"]
[BlackTeam "SFO Warnemuende"]

1. d4 Nf6 2. Bf4 d5 3. e3 Bf5 4. Bd3 Bxd3 5. Qxd3 c6 6. Nf3 e6 7. Nbd2 Bd6 8.
Bxd6 Qxd6 9. O-O Nbd7 10. c4 O-O 1/2-1/2

[Event "VL 2017/18"]
[Site "Mecklenburg-Vorpommern"]
[Date "2017.11.12"]
[Round "2.4"]
[White "Hamann, Dirk"]
[Black "Wagner, Ralph"]
[Result "0-1"]
[WhiteElo "1888"]
[BlackElo "2049"]
[PlyCount "86"]
[EventDate "2017.??.??"]
[EventType "team-tourn"]
[EventRounds "9"]
[SourceDate "2017.10.08"]
[WhiteTeam "SFO Warnemuende"]
[BlackTeam "SF Schwerin II"]

1. e4 e6 2. d4 d5 3. e5 c5 4. c3 Nc6 5. Nf3 Qb6 6. Bd3 Nh6 7. O-O cxd4 8. cxd4
Nf5 9. Bxf5 exf5 10. Nc3 Be6 11. Rb1 Be7 12. Be3 O-O 13. Ne2 Rfc8 14. b4 Qd8
15. a3 Qd7 16. Nf4 Nd8 17. Qd3 Rc7 18. Rfc1 Rac8 19. Rxc7 Rxc7 20. Rc1 Rxc1+
21. Bxc1 Qa4 22. h4 h6 23. Nxe6 fxe6 24. Kh2 Nc6 25. Kh3 a5 26. bxa5 Nxa5 27.
g4 Qc4 28. Qxc4 fxg4+ 29. Kxg4 Nxc4 30. a4 Bb4 31. Kh5 Kh7 32. Ng1 Nb6 33. Nh3
Bc3 34. Be3 g6+ 35. Kg4 Kg7 36. Nf4 Kf7 37. Nd3 Nxa4 38. Bxh6 Bxd4 39. f3 Nc5
40. Nxc5 Bxc5 41. Bd2 b5 42. h5 gxh5+ 43. Kxh5 Ba3 0-1

[Event "VL 2017/18"]
[Site "Mecklenburg-Vorpommern"]
[Date "2017.11.12"]
[Round "2.5"]
[White "Hasselmann, Dieter"]
[Black "Boecking, Uwe"]
[Result "1-0"]
[WhiteElo "2045"]
[BlackElo "1719"]
[PlyCount "107"]
[EventDate "2017.??.??"]
[EventType "team-tourn"]
[EventRounds "9"]
[SourceDate "2017.10.08"]
[WhiteTeam "SF Schwerin II"]
[BlackTeam "SFO Warnemuende"]

1. e4 c5 2. Nc3 e6 3. g3 Nc6 4. Bg2 Nf6 5. Nge2 d6 6. O-O Be7 7. d4 cxd4 8.
Nxd4 Nxd4 9. Qxd4 O-O 10. h3 Qc7 11. Be3 Bd7 12. a4 b6 13. Qd3 Rac8 14. a5 d5
15. axb6 axb6 16. exd5 exd5 17. Ra6 Bc5 18. Bxc5 Qxc5 19. Rd1 b5 20. Nxd5 Nxd5
21. Qxd5 Be6 22. Qxc5 Rxc5 23. Rd2 Rfc8 24. Rb6 g6 25. c3 Bc4 26. Bf1 R8c7 27.
Bxc4 bxc4 28. Rd4 Kg7 29. Kf1 Re7 30. Rb4 Rec7 31. Ke2 h5 32. Kd2 Kf6 33. Ke3
Re7+ 34. Re4 Rec7 35. Kd4 R5c6 36. Rb5 Rd6+ 37. Rd5 Rb6 38. Rf4+ Kg7 39. Rc5
Rd7+ 40. Kxc4 Rxb2 41. Rd5 Re7 42. g4 hxg4 43. hxg4 Rc7+ 44. Rc5 Rd7 45. Rc6
Re7 46. Kc5 Rd2 47. c4 Re5+ 48. Kb6 Rd7 49. Rc7 Rxc7 50. Kxc7 f6 51. Kd6 Kf7
52. c5 Re6+ 53. Kc7 Ke8 54. c6 1-0

[Event "VL 2017/18"]
[Site "Mecklenburg-Vorpommern"]
[Date "2017.11.12"]
[Round "2.6"]
[White "Staben, Norbert"]
[Black "Kross, Gunnar"]
[Result "1/2-1/2"]
[WhiteElo "1706"]
[BlackElo "1970"]
[PlyCount "44"]
[EventDate "2017.??.??"]
[EventType "team-tourn"]
[EventRounds "9"]
[SourceDate "2017.10.08"]
[WhiteTeam "SFO Warnemuende"]
[BlackTeam "SF Schwerin II"]

1. d4 Nf6 2. c4 g6 3. Nc3 Bg7 4. e4 d6 5. f3 O-O 6. Be3 b6 7. Qd2 Nbd7 8. Bd3
c5 9. Nge2 Ba6 10. b3 e6 11. O-O cxd4 12. Nxd4 Nc5 13. Be2 Bb7 14. Ndb5 d5 15.
cxd5 exd5 16. e5 Ne8 17. f4 a6 18. Nd4 Nc7 19. Rfd1 f6 20. exf6 Qxf6 21. Rac1
Rf7 22. Nf3 Re8 1/2-1/2

[Event "VL 2017/18"]
[Site "Mecklenburg-Vorpommern"]
[Date "2017.11.12"]
[Round "2.8"]
[White "Warmuth, Ruediger"]
[Black "Zeeck, Detlef"]
[Result "1/2-1/2"]
[WhiteElo "1393"]
[BlackElo "1668"]
[PlyCount "60"]
[EventDate "2017.??.??"]
[EventType "team-tourn"]
[EventRounds "9"]
[SourceDate "2017.10.08"]
[WhiteTeam "SFO Warnemuende"]
[BlackTeam "SF Schwerin II"]

1. c4 c5 2. Nc3 Nc6 3. e4 g6 4. Nf3 Bg7 5. Be2 d6 6. O-O e5 7. Nd5 Nge7 8. Ne3
O-O 9. d3 Bd7 10. Nc2 Rb8 11. Nfe1 a6 12. Bd2 f5 13. f3 f4 14. Kh1 a5 15. a4 g5
16. Na3 b6 17. Nb5 Be6 18. Rg1 Kf7 19. Nc2 Qd7 20. Nc3 Ng8 21. Nd5 Bxd5 22.
cxd5 Nce7 23. Na3 Nf6 24. Nb5 Ng6 25. Be1 h5 26. Ra2 Rh8 27. b3 Rbg8 28. Na3
Bf8 29. Nc4 Qc7 30. Bc3 Be7 1/2-1/2

[Event "VL 2017/18"]
[Site "Mecklenburg-Vorpommern"]
[Date "2017.11.12"]
[Round "2.1"]
[White "Moeller, Peter"]
[Black "Focke, Adrian"]
[Result "1-0"]
[WhiteElo "2025"]
[BlackElo "1900"]
[PlyCount "87"]
[EventDate "2017.??.??"]
[EventType "team-tourn"]
[EventRounds "9"]
[SourceDate "2017.10.08"]
[WhiteTeam "HSG Uni Rostock"]
[BlackTeam "SF Schwerin III"]

1. d4 Nf6 2. Bf4 e6 3. e3 c5 4. c3 b6 5. Nd2 cxd4 6. exd4 Bb7 7. Ngf3 Be7 8. h3
O-O 9. Bd3 d6 10. O-O Nbd7 11. Qe2 a6 12. Bh2 Qc8 13. Ne1 Re8 14. f4 Bf8 15.
Nef3 Bc6 16. Rae1 Qb7 17. Ng5 b5 18. a3 a5 19. Nde4 b4 20. Nxf6+ Nxf6 21. axb4
axb4 22. c4 Qb6 23. Qf2 Ra2 24. Nf3 Nd7 25. d5 Qxf2+ 26. Rxf2 Bb7 27. Bb1 Raa8
28. Rfe2 Nb6 29. b3 Ra3 30. Bc2 Bc8 31. Ng5 h6 32. dxe6 fxe6 33. Nxe6 Bxe6 34.
Rxe6 Rxe6 35. Rxe6 Nd7 36. f5 Nc5 37. Re3 Ra2 38. Re2 Rb2 39. f6 Kh8 40. Re8
gxf6 41. Rxf8+ Kg7 42. Bxd6 Nb7 43. Bxb4 Rxc2 44. Rb8 1-0

[Event "VL 2017/18"]
[Site "Mecklenburg-Vorpommern"]
[Date "2017.11.12"]
[Round "2.2"]
[White "Schumacher, Ole"]
[Black "Wichert, Till"]
[Result "0-1"]
[WhiteElo "1835"]
[BlackElo "1794"]
[PlyCount "92"]
[EventDate "2017.??.??"]
[EventType "team-tourn"]
[EventRounds "9"]
[SourceDate "2017.10.08"]
[WhiteTeam "SF Schwerin III"]
[BlackTeam "HSG Uni Rostock"]

1. d4 e6 2. c4 b6 3. Nf3 Bb7 4. g3 Bb4+ 5. Bd2 Bxf3 6. exf3 Bxd2+ 7. Nxd2 Ne7
8. f4 O-O 9. Bg2 c6 10. O-O d5 11. Nf3 Nd7 12. Rc1 Rc8 13. Qd3 Nf6 14. Ne5 dxc4
15. Rxc4 Nfd5 16. Rfc1 Qd6 17. a3 Rc7 18. Qc2 Rfc8 19. b4 g6 20. h4 a6 21. h5
b5 22. Rc5 Kg7 23. Qe2 Nf5 24. Qd3 Nde7 25. Qe4 Qxd4 26. Nxc6 Nxc6 27. Rxc6
Rxc6 28. Rxc6 Rxc6 29. Qxc6 Nxg3 30. Bf3 Qa7 31. Qc5 Qxc5 32. bxc5 Nf5 33. Bb7
a5 34. c6 Nd6 35. c7 Kf6 36. Kg2 b4 37. axb4 axb4 38. c8=Q Nxc8 39. Bxc8 g5 40.
Kg3 Kf5 41. Bb7 gxf4+ 42. Kh4 h6 43. f3 Ke5 44. Be4 b3 45. Kh3 Kd4 46. Kg2 Ke3
0-1

[Event "VL 2017/18"]
[Site "Mecklenburg-Vorpommern"]
[Date "2017.11.12"]
[Round "2.3"]
[White "Ivanov, Sergey"]
[Black "Fischer, Torsten"]
[Result "0-1"]
[WhiteElo "1833"]
[BlackElo "1955"]
[PlyCount "42"]
[EventDate "2017.??.??"]
[EventType "team-tourn"]
[EventRounds "9"]
[SourceDate "2017.10.08"]
[WhiteTeam "HSG Uni Rostock"]
[BlackTeam "SF Schwerin III"]

1. c4 Nf6 2. Nc3 d6 3. d4 g6 4. e4 Bg7 5. Be2 O-O 6. Be3 Nc6 7. g4 e5 8. d5 Nd4
9. h3 c6 10. g5 Nxe2 11. Ngxe2 Nh5 12. Qd2 c5 13. O-O-O a6 14. f4 b5 15. fxe5
Bxe5 16. Nf4 Ng3 17. Rhg1 b4 18. Rxg3 bxc3 19. bxc3 Qa5 20. Bg1 Rb8 21. Kc2
Qxa2+ 0-1

[Event "VL 2017/18"]
[Site "Mecklenburg-Vorpommern"]
[Date "2017.11.12"]
[Round "2.4"]
[White "Kutschke, Peter"]
[Black "Schwetlick, Thomas"]
[Result "1/2-1/2"]
[WhiteElo "1933"]
[BlackElo "1815"]
[PlyCount "40"]
[EventDate "2017.??.??"]
[EventType "team-tourn"]
[EventRounds "9"]
[SourceDate "2017.10.08"]
[WhiteTeam "SF Schwerin III"]
[BlackTeam "HSG Uni Rostock"]

1. e4 e5 2. c4 Nf6 3. Nc3 Bc5 4. Be2 Nc6 5. Nf3 d6 6. O-O O-O 7. d3 h6 8. h3
Nh7 9. Nd5 Be6 10. Be3 Bxe3 11. Nxe3 Ne7 12. d4 Ng6 13. Qc2 Ng5 14. d5 Bd7 15.
Nf5 Nf4 16. Kh2 g6 17. Ng3 Nxf3+ 18. Bxf3 g5 19. Nf5 h5 20. Rh1 Bxf5 1/2-1/2

[Event "VL 2017/18"]
[Site "Mecklenburg-Vorpommern"]
[Date "2017.11.12"]
[Round "2.5"]
[White "Sager, Bernd"]
[Black "Kupfernagel, Michael"]
[Result "1/2-1/2"]
[WhiteElo "1818"]
[BlackElo "1935"]
[PlyCount "112"]
[EventDate "2017.??.??"]
[EventType "team-tourn"]
[EventRounds "9"]
[SourceDate "2017.10.08"]
[WhiteTeam "HSG Uni Rostock"]
[BlackTeam "SF Schwerin III"]

1. d4 Nf6 2. Nf3 g6 3. g3 Bg7 4. Bg2 d6 5. O-O O-O 6. c4 Nbd7 7. Nc3 c5 8. d5
a6 9. Re1 Rb8 10. a4 Re8 11. e4 Ng4 12. Qc2 Nge5 13. Nd2 Ng4 14. h3 Ngf6 15.
Kh2 b6 16. f4 Qc7 17. Nf3 e5 18. dxe6 Rxe6 19. Bd2 Bb7 20. Nd5 Bxd5 21. cxd5
Re7 22. Bc3 Rbe8 23. Nd2 Nxd5 24. Bxg7 Kxg7 25. Nc4 Nb4 26. Qc3+ Kg8 27. Rad1
Re6 28. Qd2 Rb8 29. Nxd6 Nf8 30. e5 b5 31. axb5 axb5 32. Ne4 Kg7 33. h4 Re7 34.
Qc3 Rc8 35. Nd6 Rb8 36. Ne4 Ne6 37. Nd6 Nd4 38. h5 Nbc2 39. Re4 b4 40. Qc4 b3
41. Rf1 Rb4 42. Qd3 Rb6 43. f5 gxf5 44. Nxf5+ Nxf5 45. Rxf5 Nd4 46. Rg4+ Kh8
47. Rfg5 Re8 48. Be4 Rh6 49. Kg2 Rd8 50. Qf1 Qe7 51. Rg7 Rf8 52. R7g5 Ne6 53.
Rf5 Nd4 54. Rfg5 Ne6 55. Rf5 Nd4 56. Rfg5 Ne6 1/2-1/2

[Event "VL 2017/18"]
[Site "Mecklenburg-Vorpommern"]
[Date "2017.11.12"]
[Round "2.6"]
[White "Helms, Sven"]
[Black "Schroeder, Christian"]
[Result "1-0"]
[WhiteElo "1884"]
[BlackElo "1741"]
[PlyCount "63"]
[EventDate "2017.??.??"]
[EventType "team-tourn"]
[EventRounds "9"]
[SourceDate "2017.10.08"]
[WhiteTeam "SF Schwerin III"]
[BlackTeam "HSG Uni Rostock"]

1. d4 d5 2. c4 c6 3. Nc3 Nf6 4. Nf3 dxc4 5. a4 Bf5 6. Ne5 Nbd7 7. Nxc4 e6 8. f3
Be7 9. e4 Bg6 10. Bg5 O-O 11. Bd3 Nb6 12. Nxb6 axb6 13. Be3 Bb4 14. O-O Nd7 15.
f4 Qe7 16. e5 Bxc3 17. bxc3 Bxd3 18. Qxd3 Ra5 19. f5 f6 20. exf6 Rxf6 21. Bg5
exf5 22. Bxf6 Qxf6 23. Rae1 g6 24. Re8+ Kf7 25. Rfe1 Rxa4 26. Qe3 Nf8 27. Qe7+
Qxe7 28. R1xe7+ Kf6 29. Rxb7 Ne6 30. Rxb6 Rc4 31. d5 Nc7 32. Rc8 1-0

[Event "VL 2017/18"]
[Site "Mecklenburg-Vorpommern"]
[Date "2017.11.12"]
[Round "2.7"]
[White "Hantel, Thomas"]
[Black "Popp, Michael"]
[Result "1-0"]
[WhiteElo "1626"]
[BlackElo "1790"]
[PlyCount "111"]
[EventDate "2017.??.??"]
[EventType "team-tourn"]
[EventRounds "9"]
[SourceDate "2017.10.08"]
[WhiteTeam "HSG Uni Rostock"]
[BlackTeam "SF Schwerin III"]

1. d4 Nf6 2. c4 e6 3. Nf3 b6 4. g3 Bb7 5. Bg2 Bb4+ 6. Bd2 Bxd2+ 7. Qxd2 d6 8.
Nc3 Nbd7 9. O-O O-O 10. Qc2 Qe7 11. e4 Rac8 12. Rfe1 a5 13. b3 c5 14. Rad1 Rfd8
15. Rd2 cxd4 16. Nxd4 Nc5 17. Ndb5 e5 18. f3 Ne6 19. Red1 Ne8 20. Nd5 Bxd5 21.
Rxd5 Rc6 22. Qd2 Qb7 23. Bh3 N6c7 24. Nxc7 Qxc7 25. Rxe5 Nf6 26. Rb5 h6 27. e5
Ne8 28. e6 Rc5 29. exf7+ Kxf7 30. Rxc5 Qxc5+ 31. Qd4 Qxd4+ 32. Rxd4 Nf6 33. f4
Ke7 34. Bf5 d5 35. cxd5 Rxd5 36. Rxd5 Nxd5 37. a4 Kd6 38. Kf2 Kc5 39. Be6 Nc3
40. Ke3 Kb4 41. g4 b5 42. axb5 Nxb5 43. h4 Kc3 44. f5 Nd4 45. g5 hxg5 46. hxg5
Nxb3 47. Bxb3 Kxb3 48. f6 gxf6 49. g6 a4 50. g7 a3 51. g8=Q+ Kb2 52. Qg2+ Kb3
53. Qd5+ Kb2 54. Qb5+ Kc2 55. Qa4+ Kb2 56. Qb4+ 1-0

[Event "VL 2017/18"]
[Site "Mecklenburg-Vorpommern"]
[Date "2017.11.12"]
[Round "2.8"]
[White "Jaeschke, Jonathan"]
[Black "Lueth, Jochen"]
[Result "1-0"]
[WhiteElo "1266"]
[BlackElo "1599"]
[PlyCount "89"]
[EventDate "2017.??.??"]
[EventType "team-tourn"]
[EventRounds "9"]
[SourceDate "2017.10.08"]
[WhiteTeam "SF Schwerin III"]
[BlackTeam "HSG Uni Rostock"]

1. d4 Nf6 2. c4 e6 3. Nf3 b6 4. g3 Bb7 5. Bg2 Bb4+ 6. Bd2 Bxd2+ 7. Qxd2 O-O 8.
O-O d6 9. Nc3 a6 10. Qc2 Nbd7 11. Rad1 Qe7 12. Rfe1 Rab8 13. e4 e5 14. Re2 exd4
15. Nxd4 g6 16. b4 Rfe8 17. Rde1 Qf8 18. Nd5 c5 19. bxc5 dxc5 20. Nf3 h6 21.
Nxf6+ Nxf6 22. e5 Nh7 23. e6 Nf6 24. exf7+ Qxf7 25. Ne5 Rxe5 26. Rxe5 Bxg2 27.
Kxg2 Rb7 28. Qe2 Kf8 29. Re6 h5 30. h3 g5 31. Qf3 Kg7 32. Qf5 Qg6 33. Re7+ Rxe7
34. Rxe7+ Kh6 35. Qxg6+ Kxg6 36. Rb7 b5 37. cxb5 axb5 38. Rxb5 c4 39. Rc5 Nd7
40. Rxc4 Kf6 41. a4 Ke6 42. a5 Kd5 43. Rc1 Nb8 44. Rc8 Na6 45. Ra8 1-0

[Event "VL 2017/18"]
[Site "Mecklenburg-Vorpommern"]
[Date "2017.11.12"]
[Round "2.1"]
[White "Kliewe, Hans Juergen"]
[Black "Schmekel, Florian"]
[Result "1/2-1/2"]
[WhiteElo "2004"]
[BlackElo "2040"]
[PlyCount "90"]
[EventDate "2017.??.??"]
[EventType "team-tourn"]
[EventRounds "9"]
[SourceDate "2017.10.08"]
[WhiteTeam "ASV Wismar"]
[BlackTeam "SAV Torgelow"]

1. d4 Nf6 2. Bf4 e6 3. e3 b6 4. Nf3 Bb7 5. Bd3 c5 6. c3 Be7 7. h3 O-O 8. Nbd2
d5 9. O-O Nbd7 10. Ne5 Nxe5 11. dxe5 Nd7 12. Qg4 Re8 13. Nf3 f5 14. exf6 Bxf6
15. Ng5 Nf8 16. Bb5 Re7 17. Rad1 e5 18. Ne4 Kh8 19. Bg5 Bxg5 20. Nxg5 h6 21.
Qh5 Qc7 22. Nf3 e4 23. Nh2 a6 24. Ba4 Re5 25. Qh4 Rg5 26. g4 Ng6 27. Qg3 Ne5
28. f4 exf3 29. Nxf3 Nxf3+ 30. Qxf3 Qe7 31. Rde1 Kg8 32. Bc2 Re5 33. Bg6 Rd8
34. Qf7+ Qxf7 35. Rxf7 Bc6 36. Rc7 Be8 37. Bf5 Rd6 38. Rc8 g6 39. Bd3 c4 40.
Bf1 Kg7 41. Rd1 Rxe3 42. Rxc4 Rf6 43. Rcd4 Bf7 44. R4d2 a5 45. a3 Be6 1/2-1/2

[Event "VL 2017/18"]
[Site "Mecklenburg-Vorpommern"]
[Date "2017.11.12"]
[Round "2.2"]
[White "Zentgraf, Robert"]
[Black "Littke, Helmut"]
[Result "1/2-1/2"]
[WhiteElo "2107"]
[BlackElo "1949"]
[PlyCount "54"]
[EventDate "2017.??.??"]
[EventType "team-tourn"]
[EventRounds "9"]
[SourceDate "2017.10.08"]
[WhiteTeam "SAV Torgelow"]
[BlackTeam "ASV Wismar"]

1. d4 Nf6 2. Nf3 d5 3. c4 c6 4. g3 e6 5. Bg2 Be7 6. O-O O-O 7. Nc3 Nbd7 8. b3
b6 9. Qc2 Ba6 10. Nd2 b5 11. e4 bxc4 12. bxc4 Nb6 13. Rd1 Bxc4 14. Nxc4 Nxc4
15. Bf1 Qa5 16. Bxc4 dxc4 17. Bd2 Qh5 18. Kg2 c5 19. Be1 cxd4 20. Rxd4 Ng4 21.
h3 Ne5 22. f4 Bc5 23. Qd1 Qxd1 24. Rdxd1 Nd3 25. Ne2 Nxe1+ 26. Rxe1 Rfd8 27.
Rec1 Rd2 1/2-1/2

[Event "VL 2017/18"]
[Site "Mecklenburg-Vorpommern"]
[Date "2017.11.12"]
[Round "2.3"]
[White "Stutz, Reno"]
[Black "Ispirjan, Mikael"]
[Result "1-0"]
[WhiteElo "1967"]
[BlackElo "1993"]
[PlyCount "73"]
[EventDate "2017.??.??"]
[EventType "team-tourn"]
[EventRounds "9"]
[SourceDate "2017.10.08"]
[WhiteTeam "ASV Wismar"]
[BlackTeam "SAV Torgelow"]

1. e4 c6 2. d4 d5 3. exd5 cxd5 4. Bd3 Nf6 5. c3 Bg4 6. Qb3 Qc8 7. Bf4 e6 8. Nd2
Be7 9. Ngf3 O-O 10. O-O Nc6 11. Ne5 Bh5 12. Rfe1 Bg6 13. Nxg6 hxg6 14. Nf3 Rd8
15. Qc2 Bd6 16. Bg5 Qc7 17. Re2 Re8 18. Rae1 Rac8 19. Ne5 b5 20. Nxf7 Qxf7 21.
Bxg6 Qd7 22. Bxf6 gxf6 23. Bxe8 Rxe8 24. Qg6+ Kf8 25. Qxf6+ Qf7 26. Qh8+ Qg8
27. Qxg8+ Kxg8 28. Rxe6 Rd8 29. Re8+ Kf7 30. Rxd8 Nxd8 31. g3 Ne6 32. f4 Nf8
33. Kf2 Nd7 34. Kf3 Nf6 35. g4 a5 36. h4 Ne4 37. Rxe4 1-0

[Event "VL 2017/18"]
[Site "Mecklenburg-Vorpommern"]
[Date "2017.11.12"]
[Round "2.4"]
[White "Ehlers, Michael"]
[Black "Schulz, Bernd"]
[Result "1-0"]
[WhiteElo "1858"]
[BlackElo "1851"]
[PlyCount "53"]
[EventDate "2017.??.??"]
[EventType "team-tourn"]
[EventRounds "9"]
[SourceDate "2017.10.08"]
[WhiteTeam "SAV Torgelow"]
[BlackTeam "ASV Wismar"]

1. e4 e5 2. Nf3 Nc6 3. d4 exd4 4. Nxd4 Nf6 5. Nc3 d6 6. Bb5 Bd7 7. O-O Be7 8.
Nf5 Bxf5 9. exf5 O-O 10. Re1 Ne5 11. Bf4 c6 12. Bf1 Qc7 13. h3 Nfd7 14. Kh1
Rfe8 15. Ne4 d5 16. Ng5 Bxg5 17. Bxg5 f6 18. Bf4 Nb6 19. b3 Re7 20. Qh5 Rae8
21. Red1 Qc8 22. Bc1 Nf7 23. Ba3 Rd7 24. Rd4 Re4 25. Rxe4 dxe4 26. Re1 Nd6 27.
c4 1-0

[Event "VL 2017/18"]
[Site "Mecklenburg-Vorpommern"]
[Date "2017.11.12"]
[Round "2.5"]
[White "Borchert, Ulf"]
[Black "Troemer, Felix"]
[Result "0-1"]
[WhiteElo "1833"]
[BlackElo "1553"]
[PlyCount "91"]
[EventDate "2017.??.??"]
[EventType "team-tourn"]
[EventRounds "9"]
[SourceDate "2017.10.08"]
[WhiteTeam "ASV Wismar"]
[BlackTeam "SAV Torgelow"]

1. d4 Nf6 2. Nf3 e6 3. Bf4 b6 4. e3 Bb7 5. Bd3 Be7 6. h3 d6 7. Nbd2 Nbd7 8. Qe2
Nd5 9. O-O Nxf4 10. exf4 O-O 11. f5 exf5 12. Bxf5 g6 13. Be4 d5 14. Bd3 a6 15.
Ne5 Bf6 16. f4 Bg7 17. Ndf3 Re8 18. Qf2 Nxe5 19. fxe5 Qd7 20. Rae1 h6 21. Nh2
Re6 22. Be2 Qe7 23. Bg4 Rc6 24. c3 Rf8 25. Bf3 Rc4 26. Ng4 c5 27. Ne3 Ra4 28.
b3 Ra5 29. Nxd5 Bxd5 30. Bxd5 cxd4 31. c4 b5 32. Qd2 Ra3 33. Rxf7 Rxf7 34. Rf1
Qxe5 35. Bxf7+ Kh7 36. Re1 Rxa2 37. Rxe5 Rxd2 38. Re8 h5 39. c5 Rc2 40. b4 d3
41. Re6 Rc1+ 42. Kh2 d2 43. Bxg6+ Kh6 44. Be4+ Kg5 45. Bf3 Kf5 46. Rd6 0-1

[Event "VL 2017/18"]
[Site "Mecklenburg-Vorpommern"]
[Date "2017.11.12"]
[Round "2.7"]
[White "Schleese, Wolfgang"]
[Black "Kasel, Alexander"]
[Result "1/2-1/2"]
[WhiteElo "1595"]
[BlackElo "1668"]
[PlyCount "50"]
[EventDate "2017.??.??"]
[EventType "team-tourn"]
[EventRounds "9"]
[SourceDate "2017.10.08"]
[WhiteTeam "ASV Wismar"]
[BlackTeam "SAV Torgelow"]

1. d4 Nf6 2. Nf3 e6 3. Bf4 c5 4. e3 Nc6 5. c3 Be7 6. Bd3 d6 7. O-O Nh5 8. Bg3
Nxg3 9. hxg3 a6 10. a4 cxd4 11. cxd4 Bd7 12. Nc3 O-O 13. Qb1 g6 14. e4 Qb6 15.
d5 Nb4 16. Bc4 Qc5 17. Bb3 e5 18. Rc1 Qa5 19. Na2 Rac8 20. Nxb4 Qxb4 21. Qd3 f5
22. Nd2 Bg5 23. Rd1 Bxd2 24. Rxd2 fxe4 25. Qe3 Bf5 1/2-1/2

[Event "VL 2017/18"]
[Site "Mecklenburg-Vorpommern"]
[Date "2017.11.12"]
[Round "2.8"]
[White "Bollnow, Alex"]
[Black "Wagner, Ingolf"]
[Result "1/2-1/2"]
[WhiteElo "1492"]
[BlackElo "1728"]
[PlyCount "48"]
[EventDate "2017.??.??"]
[EventType "team-tourn"]
[EventRounds "9"]
[SourceDate "2017.10.08"]
[WhiteTeam "SAV Torgelow"]
[BlackTeam "ASV Wismar"]

1. e4 g6 2. d4 d6 3. c4 Bg7 4. Nc3 Nc6 5. Be3 e5 6. Nge2 f5 7. f3 Nf6 8. d5 Ne7
9. c5 fxe4 10. cxd6 Qxd6 11. Nxe4 Qxd5 12. Nxf6+ Bxf6 13. Nc3 Qxd1+ 14. Rxd1
Bd7 15. Ne4 Bg7 16. Nc5 O-O-O 17. Bg5 Rhe8 18. Bc4 h6 19. Nxd7 hxg5 20. Ke2 Nf5
21. Nc5 Nd4+ 22. Kf2 Rd6 23. Ne4 Rc6 24. Bd3 Bh6 1/2-1/2

[Event "VL 2017/18"]
[Site "Mecklenburg-Vorpommern"]
[Date "2017.11.12"]
[Round "2.1"]
[White "Rossmann, Andreas"]
[Black "Reyer, Ulli"]
[Result "1/2-1/2"]
[WhiteElo "1942"]
[BlackElo "2056"]
[PlyCount "22"]
[EventDate "2017.??.??"]
[EventType "team-tourn"]
[EventRounds "9"]
[SourceDate "2017.10.08"]
[WhiteTeam "SG Neubrandenburg"]
[BlackTeam "Greifswalder SV II"]

1. Nf3 Nc6 2. e4 f5 3. Nc3 fxe4 4. Nxe4 d5 5. Ng3 e5 6. Bb5 e4 7. Ne5 Qf6 8. d4
exd3 9. Nxd3 Nge7 10. O-O Bd7 11. Nc5 O-O-O 1/2-1/2

[Event "VL 2017/18"]
[Site "Mecklenburg-Vorpommern"]
[Date "2017.11.12"]
[Round "2.2"]
[White "Schwahn, Christian"]
[Black "Hartung, Lothar"]
[Result "1-0"]
[WhiteElo "1950"]
[BlackElo "1777"]
[PlyCount "63"]
[EventDate "2017.??.??"]
[EventType "team-tourn"]
[EventRounds "9"]
[SourceDate "2017.10.08"]
[WhiteTeam "Greifswalder SV II"]
[BlackTeam "SG Neubrandenburg"]

1. c4 c5 2. Nf3 Nf6 3. Nc3 d5 4. cxd5 Nxd5 5. g3 Nc6 6. Bg2 Nc7 7. O-O e5 8. d3
Be7 9. Be3 Rb8 10. Rc1 f6 11. Ne4 b6 12. a3 Bd7 13. h4 Nd5 14. Bd2 O-O 15. b4
cxb4 16. Qb3 Be8 17. axb4 Ncxb4 18. Bxb4 Bxb4 19. Neg5 Qd6 20. Nxe5 fxe5 21.
Bxd5+ Kh8 22. Ne4 Qe7 23. Rc4 a5 24. Rfc1 Rd8 25. Rc7 Rd7 26. R7c6 Qd8 27. Be6
Re7 28. Rc8 Qd4 29. e3 a4 30. Qc2 Qxe4 31. dxe4 Rxe6 32. Qc4 1-0

[Event "VL 2017/18"]
[Site "Mecklenburg-Vorpommern"]
[Date "2017.11.12"]
[Round "2.3"]
[White "Stoevesand, Peter"]
[Black "Sowada, Christoph"]
[Result "1/2-1/2"]
[WhiteElo "1901"]
[BlackElo "1911"]
[PlyCount "89"]
[EventDate "2017.??.??"]
[EventType "team-tourn"]
[EventRounds "9"]
[SourceDate "2017.10.08"]
[WhiteTeam "SG Neubrandenburg"]
[BlackTeam "Greifswalder SV II"]

1. e4 c5 2. Nf3 d6 3. d4 cxd4 4. Nxd4 Nf6 5. Nc3 a6 6. Be2 e5 7. Nb3 Be7 8. O-O
O-O 9. Kh1 Be6 10. Be3 d5 11. exd5 Nxd5 12. Nxd5 Bxd5 13. Nc5 Bc6 14. Bf3 Qc7
15. Bxc6 Qxc6 16. Qf3 Qxf3 17. gxf3 Nc6 18. Rad1 Nd4 19. Bxd4 exd4 20. Nd7 Rfe8
21. Rxd4 Rac8 22. c3 f6 23. Kg2 Kf7 24. Rfd1 Bc5 25. Nxc5 Rxc5 26. Rd7+ Re7 27.
R1d4 Ke6 28. R4d6+ Kf7 29. Rd4 Ke6 30. Rd8 h5 31. Rb4 Kf5 32. Rb8 b5 33. Rb6
Re6 34. Rxe6 Kxe6 35. f4 Kf5 36. Kf3 g5 37. fxg5 fxg5 38. Rd4 Re5 39. Rd6 a5
40. h3 Rc5 41. Rh6 h4 42. Ra6 a4 43. Rd6 a3 44. bxa3 Rxc3+ 45. Kg2 1/2-1/2

[Event "VL 2017/18"]
[Site "Mecklenburg-Vorpommern"]
[Date "2017.11.12"]
[Round "2.4"]
[White "Dombrowski, Frank"]
[Black "Kunow, Frank"]
[Result "0-1"]
[WhiteElo "1956"]
[BlackElo "1875"]
[PlyCount "116"]
[EventDate "2017.??.??"]
[EventType "team-tourn"]
[EventRounds "9"]
[SourceDate "2017.10.08"]
[WhiteTeam "Greifswalder SV II"]
[BlackTeam "SG Neubrandenburg"]

1. c3 g6 2. d4 Bg7 3. Bf4 d6 4. Nf3 Nd7 5. e3 e5 6. dxe5 dxe5 7. Bg5 f6 8. Bh4
Nh6 9. Bc4 Qe7 10. Nbd2 Nb6 11. e4 Nf7 12. Bb3 Be6 13. Bxe6 Qxe6 14. Qb3 Nd8
15. O-O-O Qxb3 16. Nxb3 Ne6 17. Bg3 a5 18. Kc2 a4 19. Nc1 Nc5 20. Nd2 Bh6 21.
f3 Bxd2 22. Rxd2 Nc4 23. Re2 O-O-O 24. Bf2 Ne6 25. b3 Nd6 26. Nd3 g5 27. g3 h5
28. Nc5 Nxc5 29. Bxc5 b6 30. Bxd6 Rxd6 31. bxa4 h4 32. Ree1 Kb7 33. Rb1 Ra8 34.
gxh4 gxh4 35. Rhg1 Rxa4 36. Ra1 f5 37. exf5 Rf4 38. Rg4 Rxf3 39. Rxh4 Rdd3 40.
Re4 Rxc3+ 41. Kd2 Rc5 42. h4 Rxf5 43. Rae1 Ra5 44. a4 Rd5+ 45. Ke3 c5 46. Rg1
Rf4 47. Rxe5 Rdd4 48. Rg7+ Kc6 49. h5 Rxa4 50. h6 Rh4 51. h7 Ra3+ 52. Kf2 Rh2+
53. Kg1 Rah3 54. Ree7 Kb5 55. Rb7 Rh6 56. Rgc7 R2h4 57. Kf2 Kb4 58. Kg3 b5 0-1